League of Legends Champions - version pixels - Statistiques

Statistiques générales
  • Ce quiz a été pris 7 439 fois
    7 425 depuis la dernière actualisation
  • Le résultat moyen est 10 sur 16
Statistiques - réponses
Par images Réponse % Correct
Yasuo
96%
Garen
95%
Nami
95%
Zoé
95%
Aatrox
94%
Jinx
93%
Sona
93%
Warwick
93%
Gwen
92%
Yone
91%
Akali
90%
Elise
90%
Neeko
90%
Olaf
90%
Twitch
89%
Vel'Koz
88%
Wukong
88%
Zac
88%
Rammus
87%
Zeri
87%
Ivern
86%
Séraphine
86%
Shyvana
86%
Urgot
86%
Malzahar
85%
Nautilus
85%
Kassadin
84%
Singed
84%
Xayah
84%
Diana
83%
Pyke
83%
Maokai
82%
Rek'Sai
82%
Alistar
81%
Mordekaiser
81%
Nocturne
81%
Ornn
81%
Trundle
81%
Varus
81%
Ryze
80%
Akshan
79%
Cho'Gath
79%
Gangplank
79%
Graves
78%
Jhin
78%
Quinn
78%
Vex
78%
Yorick
78%
Caitlyn
77%
Evelynn
77%
Kayn
77%
Kalista
76%
Katarina
76%
Swain
76%
Malphite
75%
Vayne
74%
Annie
73%
Kai'Sa
73%
K'Santé
73%
Talon
73%
Darius
72%
Gragas
72%
Syndra
72%
Zed
72%
Ezreal
71%
Leona
71%
Taliyah
71%
Veigar
71%
Vi
71%
Ashe
70%
Taric
70%
Bard
69%
Hecarim
69%
Milio
68%
Poppy
68%
Thresh
68%
Karma
67%
Lee Sin
67%
Sett
67%
Lissandra
66%
Morgana
66%
Senna
66%
Azir
65%
Dr. Mundo
65%
Rakan
65%
Kha'Zix
64%
Soraka
64%
Twisted Fate
64%
Bel'Veth
63%
Irelia
63%
Sivir
63%
Skarner
63%
Jayce
62%
Nilah
60%
Orianna
60%
Cassiopeia
59%
Amumu
58%
Lillia
58%
Zyra
58%
Fiora
57%
Janna
57%
Udyr
57%
Fizz
56%
Illaoi
56%
Lulu
56%
Riven
56%
Sejuani
56%
Fiddlesticks
55%
Tristana
55%
Aphelios
54%
Braum
54%
Ekko
54%
Anivia
53%
Camille
53%
Draven
53%
Kennen
53%
Shaco
53%
Shen
52%
Sylas
52%
Lux
51%
Galio
50%
Nidalee
50%
Sion
50%
Volibear
50%
Miss Fortune
49%
Rell
49%
Viego
49%
Lucian
48%
Master Yi
48%
Nunu et Willump
48%
Xin Zhao
48%
Gnar
47%
Samira
47%
Pantheon
46%
Qiyana
46%
Renekton
46%
Zilean
46%
Ahri
45%
Rumble
45%
Teemo
45%
Aurelion Sol
43%
Heimerdinger
43%
Tryndamere
42%
Jax
41%
Karthus
40%
LeBlanc
39%
Kayle
38%
Nasus
38%
Xerath
37%
Yuumi
37%
Jarvan IV
35%
Kog'Maw
31%
Renata Glasc
31%
Ziggs
31%
Kled
30%
Vladimir
30%
Kindred
28%
Tahm Kench
28%
Brand
27%
Rengar
27%
Naafiri
25%
Briar
24%
Viktor
24%
Blitzcrank
23%
Corki
6%
Aucun quiz correspondant
Distribution des résultats
% des personnes avec chaque résultat
Percentile par nombre de réponses
Votre historique - résultats
Vous n’avez pas pris ce quiz depuis la dernière actualisation